000 005840000a22001930004500
003 LK-CoMWRAF
005 20231030132333.0
008 230817t2004 ||||| |||| 00| 0 eng d
020 _a076193278X
040 _aLK-CoMWRAF
_dLK-CoMWRAF
_eLK-CoMWRAF
041 _aeng
082 _a330.954
_bECO
245 _aEconomic Policy in Sri Lanka: Issues and debates:
_bA festschrift in honour of Gamini Corea
260 _aNew Delhi:
_bSage,
_c2004
300 _a522 p. : ill. ; 25 cm.
_bIndex included
650 _aECONOMIC POLICY-Sri Lanka
700 _aKelegama,, Saman
_eed.
942 _cBK
999 _c944
_d944